[Event "Prague op-B 13th"]
[Site "Prague"]
[Date "2014.??.??"]
[Round "1"]
[White "Mach, Michal"]
[Black "Baum, Bernd"]
[Result "0-1"]
[WhiteElo "1561"]
[BlackElo "1989"]
[PlyCount "90"]
[EventDate "2014.01.10"]
[EventType "swiss"]
[EventRounds "9"]
[EventCountry "CZE"]
[SourceTitle "CBM 158 Extra"]
[Source "ChessBase"]
[SourceDate "2014.02.28"]
[SourceVersion "1"]
[SourceVersionDate "2014.02.28"]
[SourceQuality "1"]

1. f4 d5 2. Nf3 c5 3. g3 Nc6 4. Bg2 Nf6 5. 0-0 e6 6. d3 Be7 7. c3 0-0 8. Qe1 d4 9. Na3 Rb8 10. Nc4 Nd7 11. e4 dxe3 12. Bxe3 b5 13. Ncd2 Bb7 14. d4 cxd4 15. Nxd4 Nxd4 16. Bxd4 Bc5 17. Bf2 Qb6 18. Bxb7 Rxb7 19. Ne4 Bxf2+ 20. Qxf2 f5 21. Qxb6 Rxb6 22. Nf2 e5 23. Rad1 Rb7 24. fxe5 Nxe5 25. Nd3 Nc4 26. Rfe1 Rd7 27. b3 Rfd8 28. bxc4 Rxd3 29. Re8+ Rxe8 30. Rxd3 bxc4 31. Rd4 Re1+ 32. Kf2 Rh1 33. Kg2 Ra1 34. Rd8+ Kf7 35. Rd7+ Kf6 36. Rxa7 Rc1 37. a4 Rxc3 38. a5 Ra3 39. Rc7 c3 40. a6 Ke5 41. Rc8 Kd4 42. Rd8+ Ke3 43. Re8+ Kd2 44. Rd8+ Kc1 45. Rd3 Ra2+ 0-1

[Event "Brno op 4th"]
[Site "Brno"]
[Date "2013.11.23"]
[Round "9"]
[White "Kaeding, Wolfgang"]
[Black "Mach, Michal"]
[Result "1/2-1/2"]
[WhiteElo "1659"]
[BlackElo "1559"]
[PlyCount "38"]
[EventDate "2013.11.16"]
[EventType "swiss"]
[EventRounds "9"]
[EventCountry "CZE"]
[SourceTitle "CBM 157 Extra"]
[Source "ChessBase"]
[SourceDate "2013.12.19"]
[SourceVersion "1"]
[SourceVersionDate "2013.12.19"]
[SourceQuality "1"]

1. e4 e6 2. d4 d5 3. e5 c5 4. c3 Qb6 5. Nf3 Nc6 6. Bd3 Bd7 7. 0-0 cxd4 8. cxd4 Nb4 9. Be2 Ne7 10. a3 Nbc6 11. b4 Nf5 12. Be3 Nxe3 13. fxe3 Be7 14. Nc3 0-0 15. Na4 Qd8 16. Nc5 Bxc5 17. bxc5 Ne7 18. Bd3 Nf5 19. Bxf5 exf5 1/2-1/2

[Event "Novy Bor op-A"]
[Site "Novy Bor"]
[Date "2013.02.14"]
[Round "7"]
[White "Svec, Ludek"]
[Black "Mach, Michal"]
[Result "1-0"]
[WhiteElo "1815"]
[BlackElo "1560"]
[PlyCount "91"]
[EventDate "2013.02.09"]
[EventType "swiss"]
[EventRounds "9"]
[EventCountry "CZE"]
[SourceTitle "CBM 152 Extra"]
[Source "ChessBase"]
[SourceDate "2013.02.25"]
[SourceVersion "1"]
[SourceVersionDate "2013.02.25"]
[SourceQuality "1"]

1. Nf3 d5 2. g3 Nf6 3. b3 g6 4. Bb2 Bg7 5. c4 e6 6. Bg2 0-0 7. 0-0 c6 8. d4 Nbd7 9. Nbd2 Qc7 10. Qc2 b6 11. e4 dxe4 12. Ng5 Bb7 13. Ngxe4 Rfd8 14. Rad1 Rac8 15. Rfe1 Ba8 16. c5 Nd5 17. Nd6 Rb8 18. Ba1 bxc5 19. dxc5 Bxa1 20. Rxa1 Nb4 21. Qc3 Nxc5 22. N6e4 Nxe4 23. Nxe4 Nd5 24. Qb2 Nb4 25. Nf6+ Kf8 26. Nxh7+ Kg8 27. Nf6+ Kf8 28. Qc3 Qe7 29. Ne4 Nd5 30. Qc5 Nb4 31. Rec1 Nd3 32. Qxe7+ Kxe7 33. Rc3 Nb4 34. Nc5 Rd2 35. a3 Nc2 36. Ra2 Rd1+ 37. Bf1 Nd4 38. Kg2 Nb5 39. Rd3 Rxd3 40. Bxd3 Nd4 41. Bc4 Kd6 42. b4 a5 43. Rd2 e5 44. Na6 c5+ 45. Kf1 Rb6 46. bxc5+ 1-0

[Event "Novy Bor op-A"]
[Site "Novy Bor"]
[Date "2013.02.12"]
[Round "4"]
[White "Von Keyserlingk, Chanda"]
[Black "Mach, Michal"]
[Result "1-0"]
[WhiteElo "1730"]
[BlackElo "1560"]
[PlyCount "63"]
[EventDate "2013.02.09"]
[EventType "swiss"]
[EventRounds "9"]
[EventCountry "CZE"]
[SourceTitle "CBM 152 Extra"]
[Source "ChessBase"]
[SourceDate "2013.02.25"]
[SourceVersion "1"]
[SourceVersionDate "2013.02.25"]
[SourceQuality "1"]

1. d4 Nf6 2. c4 e5 3. dxe5 Ng4 4. Nf3 Bc5 5. e3 Nc6 6. Nc3 Ngxe5 7. Nxe5 Nxe5 8. Be2 0-0 9. 0-0 Re8 10. a3 a5 11. Kh1 b6 12. f4 Ng6 13. e4 Bb7 14. Bd3 Bd4 15. Ne2 Bc5 16. Qc2 d6 17. Ng3 Qd7 18. Rb1 f6 19. b4 axb4 20. axb4 Bd4 21. Ne2 c5 22. Nxd4 cxd4 23. Bb2 Ra2 24. c5 dxc5 25. bxc5 bxc5 26. Qb3+ Kh8 27. Qxa2 Qc6 28. Bc1 f5 29. Bb5 Qe6 30. Qxe6 Rxe6 31. Bc4 Bxe4 32. Rb8+ 1-0

[Event "Novy Bor op-A"]
[Site "Novy Bor"]
[Date "2013.02.09"]
[Round "1"]
[White "Mach, Michal"]
[Black "Nelyubin, Sergey"]
[Result "1/2-1/2"]
[WhiteElo "1560"]
[BlackElo "1991"]
[PlyCount "51"]
[EventDate "2013.02.09"]
[EventType "swiss"]
[EventRounds "9"]
[EventCountry "CZE"]
[SourceTitle "CBM 152 Extra"]
[Source "ChessBase"]
[SourceDate "2013.02.25"]
[SourceVersion "1"]
[SourceVersionDate "2013.02.25"]
[SourceQuality "1"]

1. d4 Nf6 2. Nf3 e6 3. e3 b6 4. Bd3 Bb7 5. Nbd2 d5 6. 0-0 Nbd7 7. c3 Bd6 8. Re1 Ne4 9. c4 0-0 10. b3 f5 11. Bb2 Rf6 12. c5 Be7 13. Rc1 c6 14. b4 Rh6 15. h3 Bf6 16. Ba1 Qe8 17. Bf1 g5 18. Nxe4 fxe4 19. Nh2 Bg7 20. Be2 Rf6 21. Rf1 Rf8 22. Bh5 Qe7 23. Ng4 Nf6 24. Nxf6+ Qxf6 25. Be2 Qe7 26. a4 1/2-1/2

[Event "Novy Bor op 3rd"]
[Site "Novy Bor"]
[Date "2012.02.17"]
[Round "8"]
[White "Svec, Ludek"]
[Black "Mach, Michal"]
[Result "1-0"]
[WhiteElo "1745"]
[BlackElo "1525"]
[PlyCount "59"]
[EventDate "2012.02.11"]
[EventType "swiss"]
[EventRounds "9"]
[EventCountry "CZE"]
[SourceTitle "CBM 147 Extra"]
[Source "ChessBase"]
[SourceDate "2012.04.24"]
[SourceVersion "1"]
[SourceVersionDate "2012.04.24"]
[SourceQuality "1"]

1. e4 e6 2. d4 d5 3. Nd2 dxe4 4. Nxe4 Nd7 5. Nf3 Ngf6 6. Nxf6+ Nxf6 7. Bc4 Be7 8. 0-0 0-0 9. Ne5 c6 10. c3 Qc7 11. Bg5 b6 12. Be2 g6 13. Bf3 Bb7 14. g3 Nd5 15. Bh6 Rfd8 16. Qe2 f5 17. h4 Bf8 18. Bg5 Be7 19. Rae1 Bxg5 20. hxg5 Qc8 21. c4 Ba6 22. b3 Ne7 23. Qe3 Rb8 24. Rd1 c5 25. Rfe1 Qc7 26. dxc5 Rxd1 27. Rxd1 bxc5 28. Rd7 f4 29. Rxc7 fxe3 30. Rxe7 1-0